| 000 | 00362nam a22001337a 4500 | ||
|---|---|---|---|
| 005 | 20170530090433.0 | ||
| 008 | 170530b xxu||||| |||| 00| 0 eng d | ||
| 040 | _cPK-LaUMT | ||
| 082 |
_aZIAC 297.016 _bAFS- |
||
| 245 | _aAfsad ul baiyat aghtiyal lulhiyat/ | ||
| 260 |
_aالریاض: _bحقوق الطبع محفوظۃ، _c1995 |
||
| 300 | _a166 ص | ||
| 942 | _cBK | ||
| 999 |
_c94127 _d94127 |
||